[Event "FICGS class D 000213 email"]
[Site "FICGS email"]
[Date "2015.01.24"]
[Round "1"]
[White "Lacombe, David"]
[Black "Nguyen, Hao Nhien"]
[Result "0-1"]
[WhiteElo "1400"]
[BlackElo "1581"]
[PlyCount "24"]
[EventDate "2015.??.??"]
[EventType "tourn (corr)"]
[EventRounds "6"]
[SourceTitle "Corr 2022"]
[Source "ChessBase"]
[SourceDate "2021.10.24"]
[SourceVersion "1"]
[SourceVersionDate "2021.10.24"]
[SourceQuality "1"]

1. Nc3 d5 2. Nxd5 Qxd5 3. d3 Nf6 4. Nf3 Bg4 5. b3 e5 6. c4 Bb4+ 7. Bd2 Qa5 8. a4 e4 9. dxe4 Nxe4 10. h3 Bxf3 11. exf3 Bxd2+ 12. Qxd2 Qxd2# 0-1

[Event "FICGS class D 000213 email"]
[Site "FICGS email"]
[Date "2015.01.24"]
[Round "1"]
[White "Nguyen, Hao Nhien"]
[Black "Strohmeier, Josef"]
[Result "0-1"]
[WhiteElo "1581"]
[BlackElo "1414"]
[PlyCount "24"]
[EventDate "2015.??.??"]
[EventType "tourn (corr)"]
[EventRounds "6"]
[SourceTitle "Corr 2022"]
[Source "ChessBase"]
[SourceDate "2021.10.24"]
[SourceVersion "1"]
[SourceVersionDate "2021.10.24"]
[SourceQuality "1"]

1. c4 Nf6 2. Nc3 g6 3. d4 Bg7 4. e4 d6 5. Be3 0-0 6. f3 c6 7. d5 c5 8. Qd2 a6 9. h4 Nbd7 10. g4 Rb8 11. h5 Ne5 12. Bh6 Bd7 0-1

[Event "FICGS rapid C 000092 email"]
[Site "FICGS email"]
[Date "2010.08.15"]
[Round "1"]
[White "Nguyen, Hao Nhien"]
[Black "Reboredo, Daniel Carlos"]
[Result "0-1"]
[WhiteElo "1669"]
[BlackElo "1580"]
[PlyCount "22"]
[EventDate "2010.??.??"]
[EventType "tourn (rapid)"]
[EventRounds "5"]
[SourceTitle "Corr 2013"]
[Source "ChessBase"]
[SourceDate "2012.11.12"]
[SourceVersion "1"]
[SourceVersionDate "2012.11.12"]
[SourceQuality "1"]

1. e4 c5 2. f4 d5 3. exd5 Nf6 4. c4 e6 5. dxe6 Bxe6 6. Nc3 Nc6 7. Nf3 Qe7 8. Qe2 0-0-0 9. a3 Nd4 10. Nxd4 cxd4 11. Ne4 Bg4 0-1

[Event "FICGS class C 000153 email"]
[Site "FICGS email"]
[Date "2010.08.07"]
[Round "1"]
[White "Nguyen, Hao Nhien"]
[Black "Schwarz, Ingo"]
[Result "1-0"]
[WhiteElo "1669"]
[BlackElo "1649"]
[PlyCount "33"]
[EventDate "2010.??.??"]
[EventType "tourn (corr)"]
[EventRounds "5"]
[SourceTitle "Corr 2013"]
[Source "ChessBase"]
[SourceDate "2012.11.12"]
[SourceVersion "1"]
[SourceVersionDate "2012.11.12"]
[SourceQuality "1"]

1. d4 g6 2. c4 Bg7 3. Nc3 f6 4. e4 Nh6 5. Be3 Nf7 6. f3 0-0 7. Qd2 d6 8. Bd3 Nc6 9. Nge2 e5 10. d5 Ne7 11. h4 f5 12. exf5 Nxf5 13. Bg5 Bf6 14. Ne4 Bxg5 15. hxg5 c5 16. Nf6+ Kg7 17. Rxh7# 1-0

[Event "FICGS class C 000151 email"]
[Site "FICGS email"]
[Date "2010.07.11"]
[Round "1"]
[White "Nguyen, Hao Nhien"]
[Black "Koenig, Paul"]
[Result "0-1"]
[WhiteElo "1669"]
[BlackElo "1730"]
[PlyCount "34"]
[EventDate "2010.??.??"]
[EventType "tourn (corr)"]
[EventRounds "5"]
[SourceTitle "Corr 2013"]
[Source "ChessBase"]
[SourceDate "2012.11.12"]
[SourceVersion "1"]
[SourceVersionDate "2012.11.12"]
[SourceQuality "1"]

1. c4 Nf6 2. Nc3 g6 3. g3 Bg7 4. Bg2 c5 5. Nf3 0-0 6. 0-0 Nc6 7. d3 d6 8. Rb1 d5 9. cxd5 Nxd5 10. Bd2 b6 11. Ne1 Be6 12. a3 h6 13. Nc2 Qd7 14. Ne3 Nf6 15. Qa4 Rac8 16. Rfc1 Rfd8 17. Nb5 Nd4 0-1

[Event "FICGS W-ch st1 g14 email"]
[Site "FICGS email"]
[Date "2010.07.02"]
[Round "1"]
[White "Gramajo, Francisco"]
[Black "Nguyen, Hao Nhien"]
[Result "0-1"]
[WhiteElo "1148"]
[BlackElo "1669"]
[PlyCount "48"]
[EventDate "2010.??.??"]
[EventType "tourn (corr)"]
[EventRounds "6"]
[SourceTitle "Corr 2013"]
[Source "ChessBase"]
[SourceDate "2012.11.12"]
[SourceVersion "1"]
[SourceVersionDate "2012.11.12"]
[SourceQuality "1"]

1. e4 e5 2. Nf3 Nc6 3. Bb5 a6 4. Bc4 Nd4 5. Nxe5 Qg5 6. Bxf7+ Ke7 7. 0-0 Qxe5 8. Bxg8 Rxg8 9. f4 Qc5 10. b3 Nxc2+ 11. d4 Qxd4+ 12. Qxd4 Nxd4 13. Rf2 Kf7 14. Nc3 Bc5 15. a3 Nxb3 16. Rb1 Nxc1 17. Rxc1 Bxf2+ 18. Kxf2 c6 19. e5 a5 20. g4 Ra6 21. Ne4 Rb6 22. Nd6+ Ke6 23. Re1 Rb2+ 24. Re2 Rxe2+ 0-1

[Event "FICGS class D 000152 email"]
[Site "FICGS email"]
[Date "2010.06.24"]
[Round "1"]
[White "Nguyen, Hao Nhien"]
[Black "Jacobs, Francois"]
[Result "1-0"]
[WhiteElo "1575"]
[BlackElo "1420"]
[PlyCount "55"]
[EventDate "2010.??.??"]
[EventType "tourn (corr)"]
[EventRounds "1"]
[SourceTitle "Corr 2013"]
[Source "ChessBase"]
[SourceDate "2012.11.12"]
[SourceVersion "1"]
[SourceVersionDate "2012.11.12"]
[SourceQuality "1"]

1. e4 c5 2. f4 Nc6 3. Nf3 Qc7 4. Nc3 e6 5. Be2 d6 6. d3 Nf6 7. h3 Be7 8. Be3 0-0 9. 0-0 Bd7 10. Qe1 a6 11. g4 h6 12. Qg3 Nh7 13. h4 f6 14. Rf2 Rf7 15. g5 fxg5 16. hxg5 hxg5 17. Nxg5 Nxg5 18. fxg5 Rxf2 19. Bxf2 g6 20. Rf1 Rf8 21. Kg2 Rf7 22. Rh1 Qd8 23. Qh4 Rg7 24. Be3 Bf8 25. Qh8+ Kf7 26. Rf1+ Ke7 27. Bf4 Qe8 28. Bxd6+ 1-0

[Event "FICGS rapid C 000089 email"]
[Site "FICGS email"]
[Date "2010.06.18"]
[Round "1"]
[White "Ravi"]
[Black "Nguyen, Hao Nhien"]
[Result "1-0"]
[WhiteElo "1696"]
[BlackElo "1575"]
[PlyCount "85"]
[EventDate "2010.??.??"]
[EventType "tourn (rapid)"]
[EventRounds "6"]
[SourceTitle "Corr 2013"]
[Source "ChessBase"]
[SourceDate "2012.11.12"]
[SourceVersion "1"]
[SourceVersionDate "2012.11.12"]
[SourceQuality "1"]

1. e4 e5 2. Nf3 Nc6 3. d4 exd4 4. Bc4 Bb4+ 5. c3 Ba5 6. 0-0 Nge7 7. cxd4 0-0 8. Nc3 Bxc3 9. bxc3 d5 10. exd5 Nxd5 11. Qc2 Bg4 12. Ng5 Nf6 13. Ba3 h6 14. Bxf8 hxg5 15. Ba3 Qd7 16. Rfe1 Bf5 17. Qb2 Na5 18. Be2 Re8 19. Qb5 Nc6 20. Qxb7 Rb8 21. Qa6 Rb6 22. Qa4 Ne4 23. Rec1 Qe6 24. Bc4 Qf6 25. Bd3 Bg6 26. Qc2 Qf4 27. Re1 f5 28. Bxe4 fxe4 29. Qe2 Nd8 30. Bc5 Rf6 31. Bxa7 Ne6 32. d5 Nf8 33. Be3 Qd6 34. c4 Nd7 35. Bxg5 Rf8 36. Be3 Ne5 37. a4 Kh7 38. a5 Nd3 39. Reb1 Rf5 40. a6 Rh5 41. h3 Nf4 42. Qg4 Nd3 43. a7 1-0

[Event "FICGS class D 000151 email"]
[Site "FICGS email"]
[Date "2010.06.10"]
[Round "1"]
[White "Nguyen, Hao Nhien"]
[Black "Ljubesic, Zeljko"]
[Result "1-0"]
[WhiteElo "1575"]
[BlackElo "1400"]
[PlyCount "35"]
[EventDate "2010.??.??"]
[EventType "tourn (corr)"]
[EventRounds "4"]
[SourceTitle "Corr 2013"]
[Source "ChessBase"]
[SourceDate "2012.11.12"]
[SourceVersion "1"]
[SourceVersionDate "2012.11.12"]
[SourceQuality "1"]

1. e4 e5 2. Nc3 Nc6 3. f4 exf4 4. d4 Qf6 5. Nf3 Nge7 6. Bc4 d6 7. 0-0 Ng6 8. Nd5 Qd8 9. Nxf4 Qf6 10. Nd5 Qd8 11. Ng5 Be6 12. c3 h6 13. Nxe6 fxe6 14. Qh5 exd5 15. Qxg6+ Kd7 16. exd5 Ne7 17. Qe6+ Ke8 18. Bb5+ 1-0

[Event "FICGS class D 000151 email"]
[Site "FICGS email"]
[Date "2010.06.10"]
[Round "1"]
[White "Roncagliolo, Marco"]
[Black "Nguyen, Hao Nhien"]
[Result "1/2-1/2"]
[WhiteElo "1492"]
[BlackElo "1575"]
[PlyCount "91"]
[EventDate "2010.??.??"]
[EventType "tourn (corr)"]
[EventRounds "4"]
[SourceTitle "Corr 2013"]
[Source "ChessBase"]
[SourceDate "2012.11.12"]
[SourceVersion "1"]
[SourceVersionDate "2012.11.12"]
[SourceQuality "1"]

1. e4 e5 2. Nf3 Nc6 3. Bb5 a6 4. Ba4 Nf6 5. 0-0 Be7 6. Re1 b5 7. Bb3 0-0 8. c3 d6 9. h3 Be6 10. Bc2 Ne8 11. d4 Bd7 12. Nbd2 Kh8 13. Nf1 f6 14. Ng3 Na5 15. b3 c5 16. Be3 Qc7 17. Qd2 Rc8 18. Rac1 Nb7 19. Bb1 Qb8 20. d5 Nc7 21. Nh2 Na8 22. f4 Rce8 23. fxe5 fxe5 24. Rf1 Qd8 25. Bd3 Nc7 26. Be2 Rxf1+ 27. Rxf1 Rf8 28. Rxf8+ Qxf8 29. Bf3 Ne8 30. Bg4 Bxg4 31. Nxg4 Nf6 32. Nxf6 Bxf6 33. Qf2 Kg8 34. Nh5 Nd8 35. Nxf6+ Qxf6 36. Qxf6 gxf6 37. Kf2 Kg7 38. g4 Kg6 39. h4 Nf7 40. Kf3 Nh8 41. h5+ Kg7 42. g5 Nf7 43. Kg4 Nxg5 44. Bxg5 fxg5 45. Kxg5 a5 46. Kf5 1/2-1/2

[Event "FICGS rapid C 000088 email"]
[Site "FICGS email"]
[Date "2010.05.23"]
[Round "1"]
[White "Moreno, Ciro Angel"]
[Black "Nguyen, Hao Nhien"]
[Result "1/2-1/2"]
[WhiteElo "1615"]
[BlackElo "1575"]
[PlyCount "75"]
[EventDate "2010.??.??"]
[EventType "tourn (rapid)"]
[EventRounds "5"]
[SourceTitle "Corr 2013"]
[Source "ChessBase"]
[SourceDate "2012.11.12"]
[SourceVersion "1"]
[SourceVersionDate "2012.11.12"]
[SourceQuality "1"]

1. c4 c5 2. Nf3 Nf6 3. e3 Nc6 4. d4 cxd4 5. Nxd4 e6 6. Nb5 d5 7. cxd5 exd5 8. Bd3 Bb4+ 9. Bd2 0-0 10. Bxb4 Nxb4 11. Be2 Bd7 12. Nd4 Ne4 13. 0-0 Nc6 14. Nc3 Nxc3 15. bxc3 Rc8 16. Qb3 Nxd4 17. cxd4 Bc6 18. Rac1 Qf6 19. Rc2 Rfe8 20. Rfc1 Rcd8 21. a4 Re6 22. Bf3 h6 23. a5 Rdd6 24. Rc5 Qd8 25. h3 Rg6 26. Bh5 Rge6 27. Bg4 Rg6 28. Bf5 Rgf6 29. Qc2 g6 30. Bg4 Kg7 31. Qb3 h5 32. Bd1 Qd7 33. R5c3 Qf5 34. Qa2 a6 35. Rc5 Rde6 36. Bb3 Rd6 37. Qb2 Qd7 38. Qe2 1/2-1/2

[Event "FICGS rapid C 000088 email"]
[Site "FICGS email"]
[Date "2010.05.23"]
[Round "1"]
[White "Murray, Findlay"]
[Black "Nguyen, Hao Nhien"]
[Result "0-1"]
[WhiteElo "1515"]
[BlackElo "1575"]
[PlyCount "58"]
[EventDate "2010.??.??"]
[EventType "tourn (rapid)"]
[EventRounds "5"]
[SourceTitle "Corr 2013"]
[Source "ChessBase"]
[SourceDate "2012.11.12"]
[SourceVersion "1"]
[SourceVersionDate "2012.11.12"]
[SourceQuality "1"]

1. e4 e6 2. d4 d5 3. Nd2 Nf6 4. e5 Nfd7 5. Bd3 c5 6. c3 Nc6 7. Ne2 Qb6 8. Nf3 a6 9. 0-0 Qc7 10. Re1 b5 11. Bf4 c4 12. Bc2 a5 13. Ng3 b4 14. Qe2 Qb6 15. Ng5 Nd8 16. Nxh7 a4 17. Ng5 a3 18. bxa3 bxc3 19. Rab1 Qxd4 20. Qe3 Qxe3 21. Bxe3 Rxa3 22. Ra1 Nxe5 23. Reb1 Bd6 24. Ne2 Ng4 25. h3 Nxe3 26. fxe3 0-0 27. Nd4 Bd7 28. Rf1 Be7 29. Rf2 Bxg5 0-1

[Event "FICGS rapid C 000088 email"]
[Site "FICGS email"]
[Date "2010.05.23"]
[Round "1"]
[White "Nguyen, Hao Nhien"]
[Black "Piantadosi, Angelo"]
[Result "0-1"]
[WhiteElo "1575"]
[BlackElo "1560"]
[PlyCount "110"]
[EventDate "2010.??.??"]
[EventType "tourn (rapid)"]
[EventRounds "5"]
[SourceTitle "Corr 2013"]
[Source "ChessBase"]
[SourceDate "2012.11.12"]
[SourceVersion "1"]
[SourceVersionDate "2012.11.12"]
[SourceQuality "1"]

1. e4 c5 2. Nf3 d6 3. d4 cxd4 4. Nxd4 Nf6 5. Nc3 a6 6. Bc4 e6 7. Be3 Be7 8. Qd2 Nc6 9. f3 0-0 10. 0-0-0 Nxd4 11. Bxd4 Bd7 12. e5 Ne8 13. exd6 Nxd6 14. Bd3 Bf6 15. Bc5 Be7 16. Bxd6 Bxd6 17. Bxh7+ Kxh7 18. Qxd6 Bc6 19. Qe5 Qf6 20. Qxf6 gxf6 21. Rd4 Rg8 22. Rh4+ Kg7 23. Rg4+ Kf8 24. Rxg8+ Kxg8 25. Rd1 Kg7 26. Rd4 Rh8 27. h3 f5 28. a4 Kf6 29. b4 Rg8 30. Rd2 Kg5 31. b5 axb5 32. axb5 Be8 33. Kb2 f6 34. Kb3 Kf4 35. Kb4 Ke3 36. Re2+ Kf4 37. Kc5 Bf7 38. Kb6 Rc8 39. Na4 Be8 40. Nc5 e5 41. Nxb7 Rb8 42. Kc7 Bxb5 43. Rd2 Rg8 44. Nd6 Bf1 45. g4 fxg4 46. hxg4 Kxf3 47. c4 Rxg4 48. c5 e4 49. c6 e3 50. Ra2 e2 51. Ra3+ Kf2 52. Ra2 Kg1 53. Ra1 Rd4 54. Kd7 Rd1 55. c7 Bh3+ 0-1

[Event "FICGS class D 000149 email"]
[Site "FICGS email"]
[Date "2010.05.21"]
[Round "1"]
[White "Nguyen, Hao Nhien"]
[Black "Cridland, Graham M"]
[Result "0-1"]
[WhiteElo "1575"]
[BlackElo "1577"]
[PlyCount "66"]
[EventDate "2010.??.??"]
[EventType "tourn (corr)"]
[EventRounds "6"]
[SourceTitle "Corr 2013"]
[Source "ChessBase"]
[SourceDate "2012.11.12"]
[SourceVersion "1"]
[SourceVersionDate "2012.11.12"]
[SourceQuality "1"]

1. d4 Nf6 2. Nf3 d5 3. e3 Bg4 4. Bd3 e6 5. h3 Bh5 6. c4 c6 7. Nc3 Nbd7 8. Qc2 Bxf3 9. gxf3 g6 10. b3 Bg7 11. e4 0-0 12. e5 Nh5 13. h4 dxc4 14. bxc4 c5 15. Ba3 cxd4 16. Bxf8 Qxf8 17. Ne4 Nxe5 18. Nd2 Nf4 19. Bf1 Qb4 20. Qb3 Qe7 21. Be2 Rc8 22. Rb1 b6 23. Qb4 Qb7 24. Qb3 d3 25. Bd1 Qd7 26. Qb5 Qd4 27. Rc1 Nd7 28. Qa6 Rc7 29. Qb5 Rc5 30. Qa6 Re5+ 31. Kf1 Qb2 32. Nb3 d2 33. Rc2 Re1# 0-1

[Event "FICGS class D 000149 email"]
[Site "FICGS email"]
[Date "2010.05.21"]
[Round "1"]
[White "Nguyen, Hao Nhien"]
[Black "Murray, Findlay"]
[Result "1-0"]
[WhiteElo "1575"]
[BlackElo "1515"]
[PlyCount "51"]
[EventDate "2010.??.??"]
[EventType "tourn (corr)"]
[EventRounds "6"]
[SourceTitle "Corr 2013"]
[Source "ChessBase"]
[SourceDate "2012.11.12"]
[SourceVersion "1"]
[SourceVersionDate "2012.11.12"]
[SourceQuality "1"]

1. e4 e5 2. Nc3 Nf6 3. f4 d5 4. d3 exf4 5. e5 d4 6. exf6 dxc3 7. Qe2+ Be6 8. bxc3 Qxf6 9. d4 Be7 10. Nh3 0-0 11. Bxf4 c6 12. Bg5 Qg6 13. Bxe7 Re8 14. Nf4 Qh6 15. Bd6 Bd7 16. Be5 f6 17. Nd3 fxe5 18. Nxe5 Bf5 19. Qf3 Bg6 20. Bc4+ Kh8 21. 0-0 Na6 22. Rab1 Nc7 23. Rxb7 Nd5 24. Bxd5 cxd5 25. Rxa7 Qh4 26. Rxa8 1-0